[Event "Kronborg Chess Open IM 2026"]
[Site "Helsingor"]
[Date "2026.05.17"]
[Round "9.7"]
[White "Vantorre, Nils"]
[Black "Fuhrmann, Bahne"]
[Result "1-0"]
[WhiteElo "2238"]
[BlackElo "2254"]
[WhiteFideId "258474"]
[BlackFideId "16244842"]
[EventDate "2026.05.13"]
[EventType "tourn"]
[EventRounds "9"]
[EventCountry "DEN"]
[SourceTitle "Live v Helsingor Chess Club"]

1. e4 e6 2. d3 d5 3. Qe2 dxe4 4. dxe4 e5 5. Nf3 Nd7 6. Qc4 Be7 7. Nc3 c6 8. Be3 Ngf6 9. h3 Nb6 10. Qe2 Qc7 11. O-O-O Bb4 12. Bd2 Be6 13. b3 Nc4 14. bxc4 Ba3+ 15. Kb1 Qb6+ 16. Nb5 cxb5 17. c5 Qc7 18. Qxb5+ Bd7 19. Qa5 Qxa5 20. Bxa5 b6 21. cxb6 axb6 22. Be1 O-O 23. Nxe5 Be6 24. Bc4 Rfd8 25. Rd3 Nxe4 26. Bxe6 fxe6 27. f3 Nc5 28. Rd2 Na4 29. c4 b5 30. Rxd8+ Rxd8 31. Kc2 Rc8 32. Bc3 Nxc3 33. Kxc3 Bd6 34. Re1 Ra8 35. cxb5 Ra3+ 36. Kb2 Ra5 37. Nc4 Rxb5+ 38. Kc2 Rc5 39. Re4 Kf7 40. a4 Bc7 41. Kb3 h5 42. Kb4 Rg5 43. Re2 Ke7 44. Rd2 Bf4 45. Ra2 Bg3 46. a5 Be1+ 47. Kb3 Rb5+ 48. Kc2 Bf2 49. Kd3 Ba7 50. Rb2 Rd5+ 51. Kc2 Rd7 52. Rb5 g6 53. Ne5 Rc7+ 54. Kd3 Kf6 55. Nc4 Rd7+ 56. Kc3 Rd1 57. Rb7 Bd4+ 58. Kc2 Rg1 59. Kd3 e5 60. g4 Rg3 61. Ke4 Rxh3 62. gxh5 Rh4+ 63. Kd5 Rxh5 64. Rc7 Rf5 65. Nd6 Rh5 66. Ne4+ Kf5 67. Rf7# 1-0

[Event "Kronborg Chess Open IM 2026"]
[Site "Helsingor"]
[Date "2026.05.17"]
[Round "9.8"]
[White "Kotyk, Michael"]
[Black "Lucas, Arthur"]
[Result "1-0"]
[WhiteElo "2240"]
[BlackElo "2329"]
[WhiteFideId "16214501"]
[BlackFideId "26093073"]
[EventDate "2026.05.13"]
[EventType "tourn"]
[EventRounds "9"]
[EventCountry "DEN"]
[SourceTitle "Live v Helsingor Chess Club"]

1. d4 d5 2. c4 e6 3. Nc3 Nf6 4. cxd5 exd5 5. Bg5 c6 6. e3 h6 7. Bh4 Be6 8. Bd3 Nbd7 9. Nge2 g5 10. Bg3 Nh5 11. h4 Nxg3 12. Nxg3 gxh4 13. Nf5 Qg5 14. Qf3 Rg8 15. Nxh4 O-O-O 16. g3 Bg4 17. Qxf7 Bb4 18. f4 Qf6 19. Qxf6 Nxf6 20. Kf2 Bd7 21. Nf5 Rde8 22. Nxh6 Rxg3 23. Kxg3 Rxe3+ 24. Kf2 Rxd3 25. Rad1 Rxd1 26. Rxd1 Bd6 27. Ne2 Ng4+ 28. Nxg4 Bxg4 29. Rf1 Kd7 30. Ke3 Ke6 31. Rg1 Bf5 32. Rg7 Be7 33. Ng3 Bb1 34. f5+ Kd6 35. a3 b6 36. Kf4 Bf6 37. Rxa7 Bxd4 38. Kg5 Be3+ 39. Kg4 Bd4 40. Nh5 Bc2 41. Ng7 Bxb2 42. Ne8+ Kc5 43. f6 Bg6 44. f7 Bxf7 45. Rxf7 Bxa3 46. Kf3 b5 47. Ke3 Kb4 48. Rc7 c5 49. Nf6 d4+ 50. Ke4 Kb3 51. Nd7 Kc4 52. Nb6+ Kb3 53. Kd3 Kb4 54. Nd7 c4+ 55. Kxd4 Bb2+ 56. Ke3 Kb3 57. Kd2 b4 58. Nb6 c3+ 59. Kd3 Ba3 60. Nd5 Kb2 61. Rc4 Kb3 62. Ne3 Kb2 63. Rg4 Ka2 64. Rg2+ Bb2 65. Nd5 Ka3 66. Rg4 b3 67. Nxc3 Bxc3 68. Kxc3 b2 69. Rb4 1-0

[Event "Kronborg Chess Open IM 2026"]
[Site "Helsingor"]
[Date "2026.05.17"]
[Round "9.9"]
[White "Sandberg, Lucas"]
[Black "Vandenhole, Kobe"]
[Result "0-1"]
[WhiteElo "2325"]
[BlackElo "2342"]
[WhiteFideId "1773712"]
[BlackFideId "268844"]
[EventDate "2026.05.13"]
[EventType "tourn"]
[EventRounds "9"]
[EventCountry "DEN"]
[SourceTitle "Live v Helsingor Chess Club"]

1. Nc3 d5 2. e3 e5 3. Qh5 Nc6 4. Bb5 Qd6 5. Nf3 e4 6. Qe5+ Kd8 7. Qxd6+ Bxd6 8. Ng5 Ne5 9. f4 exf3 10. d4 fxg2 11. Rg1 Be7 12. Rxg2 Bxg5 13. dxe5 Bh4+ 14. Kd1 c6 15. Bd3 g6 16. e4 Ne7 17. Bh6 dxe4 18. Nxe4 Nf5 19. Bf4 Be6 20. Kd2 Kc7 21. Rf1 Be7 22. Bg5 Bxg5+ 23. Nxg5 Rad8 24. Rf4 Rd5 25. Re2 h6 26. Nf3 Rhd8 27. Kc3 c5 28. Be4 Nd4 29. Nxd4 cxd4+ 30. Kd2 Rxe5 0-1

[Event "Kronborg Chess Open IM 2026"]
[Site "Helsingor"]
[Date "2026.05.17"]
[Round "9.10"]
[White "Jalving, August"]
[Black "Strom Engdahl, Alexander"]
[Result "1-0"]
[WhiteElo "2296"]
[BlackElo "2308"]
[WhiteFideId "1471759"]
[BlackFideId "1741586"]
[EventDate "2026.05.13"]
[EventType "tourn"]
[EventRounds "9"]
[EventCountry "DEN"]
[SourceTitle "Live v Helsingor Chess Club"]

1. e4 d6 2. d4 Nf6 3. Nc3 e5 4. Nge2 c6 5. h3 b5 6. a3 h5 7. Ng1 Be7 8. Nf3 Nbd7 9. Be2 Qc7 10. O-O Bb7 11. dxe5 dxe5 12. Be3 Bc5 13. Bxc5 Nxc5 14. Ng5 Rd8 15. Qc1 Bc8 16. Qe3 Ne6 17. Nxe6 Bxe6 18. Qg5 Rh6 19. Rad1 Rxd1 20. Rxd1 Rg6 21. Qe3 Qb6 22. Qd3 Qc7 23. b4 h4 24. a4 a6 25. axb5 axb5 26. Kf1 Ke7 27. Qe3 Nd7 28. Bh5 Rf6 29. Qg5 Qa7 30. Bf3 Qa3 31. Qd2 Ke8 32. Bg4 Qa7 33. Bxe6 Rxe6 34. Ne2 f6 35. g3 Nf8 36. gxh4 Qd7 37. Qxd7+ Nxd7 38. Ng3 Nb6 39. Nf5 Kf7 40. h5 g6 41. hxg6+ Kxg6 42. Rd8 Na4 43. Rc8 Nc3 44. f3 Kh7 45. Rc7+ Kh8 46. Rc8+ Kh7 47. Rd8 Na2 48. Rd7+ 1-0